| 000 | 01062nam a2200217Ii 4500 | ||
|---|---|---|---|
| 003 | JO-AjNU | ||
| 005 | 20240110130102.0 | ||
| 008 | 230605s9999||||xx |||||||||||||| ||und|| | ||
| 040 |
_aJO-AjNU _bara _erda _cJO-AjNU |
||
| 041 | _aara | ||
| 050 | 1 | 4 | _aHQ1784.2012 |
| 100 | 3 |
_a منتدى دور المرأة العربية في التنمية الإدارية , _eauthor _934439 |
|
| 245 | 0 | 0 | _aالدور الريادي للمرأة العربية في التنمية الإدارية : بحوث وأوراق عمل منتدى "دور المرأة العربية في التنمية الإدارية، مسقط، سلطنة عمان |
| 264 | 3 | 1 | _aالقاهرة : مسقط : المنظمة العربية للتنمية الادارية ؛ معهد الإدارة العامة |
| 300 | _a451ص | ||
| 336 |
_atext _btxt _2rdacontent |
||
| 337 |
_aunmediated _bn _2rdamedia |
||
| 338 |
_avolume _bnc _2rdacarrier |
||
| 650 | 4 |
_aالمرأة -- عالم عربي -- احوال اجتماعية -- مؤتمرات- (عمان سلطنة) _934440 |
|
| 942 |
_2lcc _cBK |
||
| 999 |
_c17690 _d17690 |
||